Songs in Justin Bieber's Purpose album - Statistics

General Stats
  • This quiz has been taken 448 times
  • The average score is 13 of 18
Answer Stats
Hint Answer % Correct
4 sorry
93%
13 purpose
92%
3 what do you mean?
91%
5 love yourself
89%
6 company
76%
12 children
74%
1 mark my words
74%
2 i'll show you
71%
7 no pressure
69%
10 life is worth living
68%
8 no sense
68%
9 the feeling
64%
11 where are u now
63%
14 been you
60%
18 all in it
56%
15 get used to it
55%
17 trust
55%
16 we are
51%
No matching quizzes found
Score Distribution
Percent of People with Each Score
Percentile by Number Answered
Your Score History
You have not taken this quiz